[Event "Olympiad"]
[Site "Thessaloniki GRE"]
[Date "1984.??.??"]
[Round "?"]
[White "Miles, Anthony J"]
[Black "Ramon, Vivian"]
[Result "1-0"]
[WhiteElo "2615"]
[BlackElo "2175"]
[PlyCount "82"]
[EventDate "1984.??.??"]
[Source "www.chesslib.no"]
[SourceDate "2004.05.04"]

1. d4 Nf6 2. c4 g6 3. Nc3 d5 4. Nf3 Bg7 5. e3 O-O 6. b4 c6 7. Qb3 Bg4 8. Ne5 Be6 9. Bb2 dxc4 10. Bxc4 Bxc4 11. Qxc4 Nbd7 12. O-O Nd5 13. Rad1 e6 14. Ne2 Nxe5 15. dxe5 Qg5 16. Rd3 Rad8 17. f4 Qe7 18. a3 Nb6 19. Qc2 Rxd3 20. Qxd3 Rd8 21. Bd4 Qd7 22. Qc2 Qd5 23. Rc1 Qb5 24. Nc3 Qc4 25. Qb2 Qd3 26. Rd1 Qc4 27. Ne4 Nd5 28. Rc1 Qa6 29. Rf1 Nxe3 30. Bxe3 Qd3 31. Nf6+ Bxf6 32. Bxa7 Be7 33. Rc1 Ra8 34. Qd4 Qxd4+ 35. Bxd4 Rxa3 36. b5 cxb5 37. Rc8+ Bf8 38. Rxf8+ Kg7 39. Rb8 Rd3 40. Bc5 g5 41. fxg5 Rd7 1-0

[Event "IND-ch"]
[Site "Visakhapatnam"]
[Date "2004.12.16"]
[Round "17"]
[White "Suvrajit, Saha"]
[Black "Harika, Dronavalli"]
[Result "0-1"]
[WhiteElo "2395"]
[BlackElo "2391"]
[PlyCount "128"]
[EventDate "2004.12.04"]
[Source "Roberto Alvarez"]
[SourceDate "2004.12.13"]

1. d4 Nf6 2. c4 g6 3. Nc3 d5 4. Nf3 Bg7 5. e3 O-O 6. b4 b6 7. Ba3 c5 8. bxc5 bxc5 9. Rc1 Ne4 10. Bxc5 Nxc5 11. dxc5 Qa5 12. Qd2 dxc4 13. Bxc4 Nc6 14. Ne4 Bf5 15. Ng3 Bb2 16. Nxf5 Bxc1 17. Nxe7+ Kg7 18. Qxa5 Nxa5 19. Bd5 Rae8 20. Nc6 Nxc6 21. Bxc6 Rc8 22. Ba4 Rxc5 23. Ke2 Rb8 24. Bb3 a5 25. Rd1 Rb7 26. Rd4 Bb2 27. Rf4 Bc3 28. Nd4 Bxd4 29. exd4 Rcb5 30. Kd3 Rb4 31. Re4 Rd7 32. d5 Rxe4 33. Kxe4 Kf6 34. Kd4 Rc7 35. d6 Rc1 36. g4 g5 37. f4 h6 38. fxg5+ hxg5 39. h4 Rc8 40. h5 Rc6 41. Kd5 Rc3 42. Bc4 Rc2 43. a4 Rc1 44. Kc5 Rc2 45. h6 Rh2 46. Kc6 Rxh6 47. Kc7 Rh8 48. Bd3 Rf8 49. Bf5 Rh8 50. Kb6 Ra8 51. d7 Ke7 52. Be4 Rd8 53. Bc6 Rxd7 54. Kxa5 Rd4 55. Bf3 Kd6 56. Kb5 Kc7 57. a5 Rf4 58. Bd5 Rxg4 59. a6 Kb8 60. Bxf7 Ka7 61. Bd5 Rf4 62. Kc5 g4 63. Kd6 g3 64. Ke5 Rf2 0-1

[Event "otb"]
[Site "otb"]
[Date "2007.03.18"]
[Round "11"]
[White "Socko Monika"]
[Black "Przezdziecka Marta"]
[Result "1-0"]
[WhiteElo "2481"]
[BlackElo "2304"]
[PlyCount "65"]
[Source "www.chesslib.no"]
[SourceDate "2004.05.04"]

1. d4 Nf6 2. c4 g6 3. Nc3 d5 4. Nf3 Bg7 5. e3 O-O 6. b4 b6 7. Ba3 c5 8. bxc5 bxc5 9. Rc1 cxd4 10. Nxd4 Ba6 11. Qa4 Nfd7 12. cxd5 Nb6 13. Qa5 Bxf1 14. Kxf1 Bxd4 15. exd4 Qd7 16. Qb5 Qg4 17. Qd3 Rc8 18. f3 Qd7 19. Kf2 Nc4 20. Bc5 Nd6 21. Rhe1 Rd8 22. Bxd6 Qxd6 23. Nb5 Qa6 24. Qb3 Nd7 25. Nc7 Qd6 26. Nxa8 Rb8 27. Qc3 Qxh2 28. Nc7 Nf6 29. d6 e6 30. d5 Nh5 31. dxe6 fxe6 32. Nxe6 Qxd6 33. Kg1 1-0

[Event "Moscow-ch"]
[Site "Moscow"]
[Date "1981.??.??"]
[Round "5"]
[White "Andrianov, Nikolai"]
[Black "Gorelov, Sergey G"]
[Result "1/2-1/2"]
[WhiteElo "2355"]
[BlackElo "2415"]
[PlyCount "40"]
[EventDate "1981.06.??"]
[Source "ChessBase"]

1. d4 Nf6 2. c4 g6 3. Nc3 d5 4. Nf3 Bg7 5. e3 O-O 6. b4 b6 7. Bb2 c5 8. bxc5 bxc5 9. Rc1 cxd4 10. Nxd4 Bb7 11. Be2 Nc6 12. Nxc6 Bxc6 13. O-O dxc4 14. Qxd8 Rfxd8 15. Bxc4 Nd5 16. Nxd5 Bxd5 17. Bxg7 Kxg7 18. Bxd5 Rxd5 19. Rc7 Kf6 20. Rfc1 Rad8 1/2-1/2

[Event "BL2-Ost 0203"]
[Site "?"]
[Date "2003.02.23"]
[Round "7.3"]
[White "Donchenko Anatoly G"]
[Black "Voigt Ulrich"]
[Result "1-0"]
[WhiteElo "2448"]
[BlackElo "2322"]
[PlyCount "35"]
[EventDate "2003.??.??"]
[Source "www.chesslib.no"]
[SourceDate "2004.05.04"]

1. d4 Nf6 2. c4 g6 3. Nc3 d5 4. Nf3 Bg7 5. e3 O-O 6. b4 b6 7. Be2 c5 8. bxc5 bxc5 9. O-O cxd4 10. Nxd4 Ba6 11. Qa4 Bxc4 12. Bxc4 dxc4 13. Ba3 Nd5 14. Nxd5 Qxd5 15. Rfd1 Rc8 16. Rac1 Nc6 17. Nxc6 Qxc6 18. Rd8+ 1-0

[Event "Moscow RUS"]
[Site "?"]
[Date "2005.02.17"]
[Round "3"]
[White "Kapnisis Spyridon"]
[Black "Karavade Eesha"]
[Result "1/2-1/2"]
[WhiteElo "2414"]
[BlackElo "2355"]
[PlyCount "61"]
[EventDate "2005.??.??"]
[Source "www.chesslib.no"]
[SourceDate "2004.05.04"]

1. d4 Nf6 2. c4 g6 3. Nc3 d5 4. Nf3 Bg7 5. e3 O-O 6. b4 a5 7. b5 c5 8. bxc6 Nxc6 9. Be2 Be6 10. c5 b6 11. Na4 Nd7 12. Bb5 Qc7 13. Ba3 Rfb8 14. cxb6 Nxb6 15. Rc1 Nc4 16. Bxc4 dxc4 17. Nc5 Bg4 18. Rxc4 e5 19. O-O exd4 20. exd4 Qf4 21. Nd3 Qe4 22. Re1 Bxf3 23. Rxe4 Bxd1 24. Rxc6 Rb1 25. Nc1 Ba4 26. Rc7 f5 27. Re1 Rd8 28. d5 Rxd5 29. Rc8+ Kf7 30. Rc7+ Kg8 31. Rc8+ 1/2-1/2

[Event "Kecskemet Open"]
[Site "Kecskemet HUN"]
[Date "1985.??.??"]
[Round "6"]
[White "Gyorkos, Lajos"]
[Black "Lechtynsky, Jiri"]
[Result "1/2-1/2"]
[WhiteElo "2315"]
[BlackElo "2445"]
[PlyCount "109"]
[EventDate "1985.??.??"]
[Source "www.chesslib.no"]
[SourceDate "2004.05.04"]

1. d4 Nf6 2. c4 g6 3. Nc3 d5 4. Nf3 Bg7 5. e3 O-O 6. b4 b6 7. Qb3 e6 8. Ba3 a6 9. Rc1 Bb7 10. c5 b5 11. Bb2 Nc6 12. a4 bxa4 13. Qxa4 Qd7 14. Be2 Rfb8 15. Ra1 Ne4 16. O-O Bc8 17. b5 Na7 18. Nxe4 dxe4 19. Nd2 axb5 20. Qc2 f5 21. Rfc1 Nc6 22. Rxa8 Rxa8 23. Bxb5 Qe8 24. Nb3 Bd7 25. Bc4 Nb4 26. Qd2 Nd5 27. Ra1 Rxa1+ 28. Bxa1 Bb5 29. Bxd5 exd5 30. Qa5 Qb8 31. Bc3 Bc6 32. Qb4 Qxb4 33. Bxb4 Ba4 34. Nd2 Bf6 35. Ba5 c6 36. Bc3 Kf7 37. f3 Bd8 38. Kf2 Ke6 39. Nf1 Bb5 40. Nd2 g5 41. Nb3 Bc7 42. g3 exf3 43. Kxf3 Kd7 44. Kf2 Ba4 45. Nc1 Bc2 46. Na2 Bb3 47. Nb4 Bc4 48. Nc2 Bd3 49. Nb4 Bb5 50. Nc2 Ke6 51. Bd2 h6 52. Ne1 Ba4 53. Nd3 Bc2 54. Nb4 Ba5 55. Bc3 1/2-1/2

[Event "Nuoro"]
[Site "Nuoro"]
[Date "1984.??.??"]
[Round "?"]
[White "Ivkov, Borislav"]
[Black "Cocozza, Mario"]
[Result "1-0"]
[WhiteElo "2475"]
[BlackElo "2285"]
[PlyCount "119"]
[EventDate "1984.12.??"]
[Source "ChessBase"]

1. d4 Nf6 2. c4 g6 3. Nc3 d5 4. Nf3 Bg7 5. e3 O-O 6. b4 b6 7. b5 c5 8. bxc6 Nxc6 9. Ba3 Bb7 10. Rc1 a6 11. c5 b5 12. Bb2 b4 13. Na4 Nd7 14. Be2 a5 15. O-O Ba6 16. Nd2 Qc7 17. f4 e6 18. Nf3 Ne7 19. Bxa6 Rxa6 20. Ne5 Nb8 21. Qd3 f6 22. Nf3 Qc6 23. Nb6 Nc8 24. Nxc8 Qxc8 25. a3 Nc6 26. Ra1 Qb7 27. Rfb1 Rb8 28. axb4 Nxb4 29. Qd1 Qb5 30. Bc3 Qc4 31. Qd2 Bf8 32. h3 Nc6 33. Rxb8 Nxb8 34. Rxa5 Rxa5 35. Bxa5 Nc6 36. Bc3 Be7 37. Qb2 Bd8 38. Kf2 Qa6 39. Ne1 Bc7 40. Nc2 Kf7 41. Ne1 Ke7 42. Nf3 Kd7 43. Nh2 Kc8 44. Qe2 Qxe2+ 45. Kxe2 g5 46. Ng4 f5 47. Nf6 gxf4 48. Nxh7 fxe3 49. Kxe3 Kd7 50. Ng5 Bd8 51. Nf3 Bf6 52. Be1 f4+ 53. Kd3 e5 54. dxe5 Nxe5+ 55. Nxe5+ Bxe5 56. Bc3 Bb8 57. h4 Ke6 58. h5 Kf5 59. h6 Kg6 60. Bg7 1-0

[Event "Presov op"]
[Site "Presov"]
[Date "1999.??.??"]
[Round "5"]
[White "Likavsky, Tomas"]
[Black "Pribyl, Josef"]
[Result "1/2-1/2"]
[WhiteElo "2366"]
[BlackElo "2384"]
[PlyCount "115"]
[EventDate "1999.08.??"]
[Source "www.chesslib.no"]
[SourceDate "2004.05.04"]

1. d4 Nf6 2. c4 g6 3. Nc3 d5 4. Nf3 Bg7 5. e3 O-O 6. b4 b6 7. Ba3 Bb7 8. Qb3 e6 9. b5 Re8 10. Rc1 a6 11. c5 bxc5 12. Bxc5 Nbd7 13. Bb4 Bf8 14. Be2 c6 15. Bxf8 Rxf8 16. bxc6 Bxc6 17. Qa3 Bb5 18. O-O Bxe2 19. Nxe2 Ne4 20. Nc3 Ndf6 21. Nxe4 Nxe4 22. Rc6 a5 23. Rfc1 Qb8 24. Ne5 Ra7 25. f3 Nf6 26. R6c3 Qb5 27. Rb3 Qa6 28. Qc5 Nd7 29. Nxd7 Rxd7 30. Qb5 Qxb5 31. Rxb5 Ra8 32. Rcc5 a4 33. Kf2 Raa7 34. Ke2 Rdc7 35. Rxc7 Rxc7 36. Kd2 Rc4 37. a3 Rc7 38. Rb4 Ra7 39. e4 dxe4 40. fxe4 f5 41. exf5 gxf5 42. Ke3 Kf7 43. Kf4 Kf6 44. h3 h5 45. g3 Ra8 46. Rc4 Ra7 47. Rc6 Rd7 48. Rc4 Ra7 49. g4 hxg4 50. hxg4 fxg4 51. Kxg4 Ke7 52. Kf4 Kd6 53. Ke4 Ra5 54. Rc8 Rh5 55. Rd8+ Ke7 56. Ra8 Rh4+ 57. Ke5 Rh5+ 58. Ke4 1/2-1/2

[Event "Giessen Open"]
[Site "Giessen"]
[Date "1994.??.??"]
[Round "3"]
[White "Bagirov, Vladimir K"]
[Black "Neumann, Andreas"]
[Result "1-0"]
[WhiteElo "2525"]
[BlackElo "2215"]
[PlyCount "55"]
[EventDate "1994.??.??"]
[Source "www.chesslib.no"]
[SourceDate "2004.05.04"]

1. d4 Nf6 2. c4 g6 3. Nc3 d5 4. Nf3 Bg7 5. e3 O-O 6. b4 dxc4 7. Bxc4 b6 8. Qb3 e6 9. Ba3 Bb7 10. O-O Nd5 11. Be2 Nd7 12. Rac1 Rc8 13. Nb5 Ra8 14. Nc3 Re8 15. Rfd1 Nxc3 16. Rxc3 c6 17. b5 cxb5 18. Bxb5 a6 19. Bc6 Bxc6 20. Rxc6 Rc8 21. Rdc1 Rxc6 22. Rxc6 Bf8 23. Bxf8 Rxf8 24. h4 h5 25. Ng5 Re8 26. Qc2 Kg7 27. Rc7 Kg8 28. Qc6 1-0

[Event "Oberliga Nord O9798"]
[Site "Germany"]
[Date "1997.??.??"]
[Round "?"]
[White "Bagirov, Vladimir"]
[Black "Trenner, Rolf"]
[Result "1-0"]
[WhiteElo "2495"]
[BlackElo "2245"]
[PlyCount "55"]
[EventDate "1997.10.??"]
[Source "www.chesslib.no"]
[SourceDate "2004.05.04"]

1. d4 Nf6 2. c4 g6 3. Nc3 d5 4. Nf3 Bg7 5. e3 O-O 6. b4 c6 7. Bb2 Nbd7 8. Rc1 a5 9. b5 dxc4 10. Bxc4 Nb6 11. Bd3 cxb5 12. Nxb5 Nfd5 13. O-O Bd7 14. a3 e6 15. Qd2 Bh6 16. Rc2 f6 17. Rb1 Bc6 18. Qe1 Qd7 19. Bc1 Nc8 20. e4 Nf4 21. Bf1 g5 22. Bxf4 gxf4 23. d5 Bxb5 24. Bxb5 Qe7 25. dxe6 Qxa3 26. Nd4 Bg7 27. Nf5 f3 28. Rc3 1-0

[Event "Stary Smokovec"]
[Site "Stary Smokovec"]
[Date "1979.??.??"]
[Round "?"]
[White "Moehring, Guenther"]
[Black "Novak, Ivan"]
[Result "1/2-1/2"]
[WhiteElo "2400"]
[BlackElo "2340"]
[PlyCount "40"]
[EventDate "1979.10.??"]
[Source "ChessBase"]

1. d4 Nf6 2. c4 g6 3. Nc3 d5 4. Nf3 Bg7 5. e3 O-O 6. b4 c6 7. Bb2 Ne4 8. Be2 Nxc3 9. Bxc3 dxc4 10. Bxc4 Bg4 11. h3 Bxf3 12. Qxf3 Nd7 13. O-O e5 14. Rfd1 Qe7 15. Qe4 Rfe8 16. Bb3 exd4 17. Qxe7 Rxe7 18. Bxd4 a5 19. bxa5 Rxa5 20. Rac1 Bxd4 1/2-1/2

[Event "Nice ol (Men)"]
[Site "Nice FRA"]
[Date "1974.??.??"]
[Round "3"]
[White "Jimenez Zerquera, Eleazar"]
[Black "Bessenay, Maurice"]
[Result "1/2-1/2"]
[WhiteElo "2340"]
[BlackElo "2400"]
[PlyCount "61"]
[EventDate "1974.06.06"]
[Source "www.chesslib.no"]
[SourceDate "2004.05.04"]

1. d4 Nf6 2. c4 g6 3. Nc3 d5 4. Nf3 Bg7 5. e3 O-O 6. b4 b6 7. b5 c5 8. bxc6 Nxc6 9. Be2 Bb7 10. Bd2 Rc8 11. cxd5 Nxd5 12. Nxd5 Qxd5 13. Qb3 Na5 14. Qxd5 Bxd5 15. Bxa5 bxa5 16. O-O Rc3 17. a4 Rb8 18. Bb5 Bc4 19. Rfb1 a6 20. Bxc4 Rxb1+ 21. Rxb1 Rxc4 22. Rb8+ Bf8 23. g4 f6 24. g5 Rxa4 25. gxf6 exf6 26. d5 Rb4 27. Ra8 Rb6 28. Nd2 Kf7 29. Ra7+ Ke8 30. Ra8+ Kf7 31. Ra7+ 1/2-1/2

[Event "Corus Reserve Group"]
[Site "Wijk aan Zee"]
[Date "2000.01.28"]
[Round "8"]
[White "Strating, Sybolt"]
[Black "Krnic, Zdenko"]
[Result "1/2-1/2"]
[WhiteElo "2334"]
[BlackElo "2401"]
[PlyCount "33"]
[EventDate "2000.01.21"]
[Source "ChessBase"]
[SourceDate "2000.03.10"]

1. d4 Nf6 2. c4 g6 3. Nc3 d5 4. Nf3 Bg7 5. e3 O-O 6. b4 b6 7. Qb3 c5 8. cxd5 cxd4 9. Nxd4 Bb7 10. Bc4 a6 11. Bb2 b5 12. Be2 Nxd5 13. Bf3 Nxc3 14. Bxb7 Ra7 15. Bxc3 Rxb7 16. O-O Qb6 17. Rac1 1/2-1/2

[Event "Dreifluesse op 7th"]
[Site "Passau"]
[Date "1999.04.05"]
[Round "7"]
[White "Prusikhin, Mihailo"]
[Black "Bromberger, Stefan"]
[Result "1-0"]
[WhiteElo "2445"]
[BlackElo "2288"]
[PlyCount "59"]
[EventDate "1999.04.02"]
[Source "www.chesslib.no"]
[SourceDate "2004.05.04"]

1. d4 Nf6 2. c4 g6 3. Nc3 d5 4. Nf3 Bg7 5. e3 O-O 6. b4 c6 7. Bb2 Nbd7 8. Rc1 Re8 9. Be2 Nb6 10. c5 Nbd7 11. O-O e5 12. Nxe5 Nxe5 13. dxe5 Rxe5 14. Nb5 Re7 15. Nd6 Ne4 16. Bxg7 Kxg7 17. Nc4 Bd7 18. Na5 Qc7 19. Qd4+ Kg8 20. f3 Ng5 21. Bd3 Rae8 22. Rce1 Ne6 23. Qc3 Ng7 24. e4 dxe4 25. fxe4 b5 26. Bc2 Ne6 27. Rd1 Nf8 28. Rd6 Re5 29. Bb3 R5e7 30. Qf6 1-0

[Event "Kecskemet op1"]
[Site "?"]
[Date "1990.??.??"]
[Round "2"]
[White "Herndl Harald"]
[Black "Schulze Ulrich"]
[Result "0-1"]
[WhiteElo "2360"]
[BlackElo "2355"]
[PlyCount "74"]
[EventDate "1990.??.??"]
[Source "www.chesslib.no"]
[SourceDate "2004.05.04"]

1. d4 Nf6 2. c4 g6 3. Nc3 d5 4. Nf3 Bg7 5. e3 O-O 6. b4 b6 7. Qb3 dxc4 8. Bxc4 c5 9. b5 cxd4 10. Nxd4 Bb7 11. O-O Qc7 12. Nd5 Nxd5 13. Bxd5 Nd7 14. Ba3 Nc5 15. Bxc5 Bxd5 16. Qxd5 Qxc5 17. Qe4 Bxd4 18. exd4 Qxb5 19. Qxe7 Qd5 20. Rfd1 Rfe8 21. Qb4 Rad8 22. Rd2 Rc8 23. h3 Rc4 24. Qb3 b5 25. Rad1 a5 26. a3 h5 27. Qb2 Kg7 28. Rd3 Kg8 29. Rb3 Rb8 30. Re3 Rd8 31. Rd2 b4 32. Re5 Qd6 33. Rxa5 Qc7 34. Rc5 bxa3 35. Qa2 Rxc5 36. dxc5 Rxd2 37. Qxd2 Qxc5 0-1

[Event "Cansys GM-Nov"]
[Site "Budapest HUN"]
[Date "1991.??.??"]
[Round "6"]
[White "Schneider, Attila"]
[Black "Berebora, Ferenc"]
[Result "1-0"]
[WhiteElo "2385"]
[BlackElo "2310"]
[PlyCount "75"]
[EventDate "1991.11.??"]
[Source "www.chesslib.no"]
[SourceDate "2004.05.04"]

1. d4 Nf6 2. c4 g6 3. Nc3 d5 4. Nf3 Bg7 5. e3 O-O 6. b4 b6 7. Bb2 c5 8. bxc5 bxc5 9. Rc1 cxd4 10. Nxd4 e5 11. Nb3 d4 12. exd4 exd4 13. Qxd4 Qxd4 14. Nxd4 Bb7 15. f3 Re8+ 16. Be2 Nh5 17. Rd1 Nc6 18. Nxc6 Bxc6 19. Kf2 Nf4 20. Rhe1 Nxe2 21. Rxe2 Reb8 22. Rd6 Be8 23. Nd1 Bf8 24. Rd3 Rb4 25. Ne3 Bc5 26. Bd4 Bxd4 27. Rxd4 Bc6 28. Red2 Kg7 29. g4 h6 30. h4 a5 31. h5 a4 32. hxg6 fxg6 33. Rd6 Rc8 34. f4 Be4 35. Re6 Bb1 36. Rd7+ Kf8 37. Rf6+ Ke8 38. Rff7 1-0

[Event "Novi Sad ol (Men)"]
[Site "Novi Sad YUG"]
[Date "1990.??.??"]
[Round "5"]
[White "Teo Kok-Siong"]
[Black "Tsuboi, Edson Kenji"]
[Result "0-1"]
[WhiteElo "2355"]
[BlackElo "2315"]
[PlyCount "96"]
[EventDate "1990.11.??"]
[Source "www.chesslib.no"]
[SourceDate "2004.05.04"]

1. d4 Nf6 2. c4 g6 3. Nc3 d5 4. Nf3 Bg7 5. e3 O-O 6. b4 b6 7. Bb2 c5 8. bxc5 bxc5 9. Rc1 cxd4 10. Nxd4 e5 11. Nf3 d4 12. exd4 exd4 13. Qxd4 Qa5 14. Be2 Nc6 15. Qh4 h6 16. O-O g5 17. Qg3 Rd8 18. Nd5 Nh5 19. Qc7 Qxc7 20. Nxc7 Bxb2 21. Nxa8 Bxc1 22. Rxc1 Nf4 23. Kf1 Ne6 24. c5 Bb7 25. Nb6 axb6 26. cxb6 Ncd4 27. Nxd4 Rxd4 28. Bc4 Nf4 29. g3 Nd5 30. Bxd5 Bxd5 31. Rb1 Bb7 32. Ke2 Kf8 33. Ke3 Ra4 34. Rb2 Ke7 35. Rc2 Kd6 36. Rc7 Bd5 37. Rc8 Rb4 38. Rh8 Rxb6 39. Rxh6+ Be6 40. f4 gxf4+ 41. gxf4 f5 42. h4 Ra6 43. h5 Ra3+ 44. Kd4 Rf3 45. Rh8 Rxf4+ 46. Ke3 Rh4 47. h6 Ke5 48. h7 Bf7 0-1